Africa Map with 8 Extra Borders #2 - Statistics

General Stats
  • This quiz has been taken 2,003 times
  • The average score is 7 of 8
Answers on the Map
Answers color-coded by a green-red scale on the quiz's map according to % correct below.
 
Answer Stats
Country % Correct
Botswana
98%
Libya
98%
Gabon
95%
Sierra Leone
93%
Uganda
93%
Malawi
90%
South Africa
89%
Djibouti
67%
No matching quizzes found
Score Distribution
Percent of People with Each Score
Percentile by Number Answered
Your Score History
You have not taken this quiz